000
00304 a2200145 4500
001
155684
040
_c
Escola São Tomás de Aquino
100
_a
PENA, Martins
240
1
0
_a
Martins Pena
_l
por
245
1
0
_a
Martins Pena
300
_a
110
362
0
_a
1983
697
_a
GENERALIDADES
942
_c
BK
999
_c
155684
_d
155684